Dialektičeskij materializm o processe poznanija /

Hlavní autor: Andrejev, Ivan Dmitrijevič
Jazyk: Ruština
Vydáno: Moskva : Moskovskij rabočij, 1954
Fyzický popis: 99 s.
Knihy
Uloženo v:
LEADER 00613nam a22001932a 4500
001 001444872
003 CZ BrMZK
005 20141216095706.0
007 ta
008 141216s1954 ru er|||||||||||rus d
040 |a BOA001  |b cze 
100 1 |a Andrejev, Ivan Dmitrijevič  |7 jx20041103014  |4 aut 
245 1 0 |a Dialektičeskij materializm o processe poznanija /  |c Ivan Dmitrijevič Andrejev 
260 |a Moskva :  |b Moskovskij rabočij,  |c 1954 
300 |a 99 s. 
910 |a BOA001  |b 2-0341.974 
990 |a BK 
991 |b 201412 
996 7 |b 2618986809  |c 2-0341.974  |l MZK  |r Sklad / do 24 hodin  |n 0  |w 001479589  |u 000010  |a 1  |e BOA001  |j MZK50  |s A